000
00340pab a2200145 454500
008
180718b2000 xxu||||| |||| 00| 0 eng d
100
_a
Bhatnagar, R.K.
245
_a
People's participation in governance
260
_c
2000
300
_a
p.29-32
362
_a
Jun
650
_a
Public administration
773
_a
Yojana
909
_a
45198
999
_c
45198
_d
45198